Encyclopedia of entomology

Salvato in:
Dettagli Bibliografici
Natura: Libro
Lingua:Undetermined
Pubblicazione: Boston Kluwer Academic Publishers 2004
Soggetti:
Tags: Aggiungi Tag
Nessun Tag, puoi essere il primo ad aggiungerne! !
Thư viện lưu trữ: Trung tâm Học liệu Trường Đại học Cần Thơ
LEADER 00452nam a2200169Ia 4500
001 CTU_97517
008 210402s9999 xx 000 0 und d
082 |a 595.7 
082 |b E56/Vol.3 
245 0 |a Encyclopedia of entomology 
245 0 |c John L. Capinera edited 
260 |a Boston 
260 |b Kluwer Academic Publishers 
260 |c 2004 
650 |a Insects 
904 |i Tuyến 
980 |a Trung tâm Học liệu Trường Đại học Cần Thơ